Tiny Almost Useless Trivia X Quiz Stats

 Plays Quiz Updated Jan 6, 2016

Challenge
Share
Tweet
Embed
Score 0/15 Timer 03:00
8 Plays Today
Question Answer % Correct
What is the English translation of bueno (Spanish), bon (French) or bra (Swedish)?good
93%
What giant Philistine warrior was killed by David with a slingshot?Goliath
89.7%
What sport is associated with Bobby Jones, Jack Nicklaus, and Jordan Spieth?golf
86.9%
In a popular children's circle game, someone goes around tapping people saying 'duck' until they tag a person and yell what word before running?goose
82.7%
What sound, made by a turkey, is often repeated as a Thanksgiving greeting?gobble
82.2%
What desert in China and Mongolia covers half a million square miles?Gobi
81.8%
What animal is associated with the Zodiac sign Capricorn?goat
78.1%
What now gigantic tech company based in Mountain View, CA was founded by Larry Page and Sergey Brin?Google
75.5%
Question Answer % Correct
Who was the final leader of the Soviet Union at its dissolution?(Mikhail) Gorbachev
68.5%
What is the name of the new Batman prequel TV show focusing on a young Commissioner Gordon?Gotham
68.3%
What term for a menial employee is an anagram of the word 'FORGE'?gofer
62.8%
Which James Bond movie was the first to feature Pierce Brosnan?GoldenEye
53.7%
What virtual British band has had hits with 'Clint Eastwood,' 'DARE' and 'Feel Good, Inc.'?Gorillaz
52.1%
What British author named William wrote 'Lord of the Flies'?Golding
45.6%
In the cell, what organelle, that is referred to as an apparatus or complex, is used to modify and transport proteins?Golgi
32.9%

You're not logged in!

Compare scores with friends on all Sporcle quizzes.
Join for Free
OR
Log In

You Might Also Like...

Show Comments

Extras

Top Quizzes Today


Score Distribution

Your Account Isn't Verified!

In order to create a playlist on Sporcle, you need to verify the email address you used during registration. Go to your Sporcle Settings to finish the process.

Report this User

Report this user for behavior that violates our Community Guidelines.

Details: